000 00334nam a22001457a 4500
003 OSt
020 _a9781107610705
100 _aBeech Nic
245 _aManaging change :enquiry and action
250 _a1
260 _aDelhi
_bCambridge university press
_c2012
300 _a274p.
700 _aMaclntosh Robert
942 _2ddc
_cBK
999 _c190341
_d190341